000 00583cab a2200217 4500
001 ABS67502
008 040302n2004 000 0 eng u
035 _a(Sirsi) u125286
245 _aFocus update: Ireland
260 _c2004
490 _aEstates Gazette
_v (0408) 21 February 2004, 71-79 (5)
590 _aABS
650 _aRECRUITMENT
650 _aIRELAND
650 _aCORPORATE REAL ESTATE
650 _aRETAIL SECTOR
650 _aOFFICE SECTOR
650 _aINDUSTRIAL SECTOR
690 _aPROPERTY-COMMERCIAL PROPERTY-COMMERCIAL PROPERTY MARKET
942 _n0
999 _c74206
_d74206